000 00630cab a2200217 4500
001 WB2627-48
008 090401t1990 xxu||||| |||| 00| 0 eng d
035 _a(Sirsi) u9699
041 _aeng
245 _aFlood warning system
260 _c1990
350 _a0
490 _aIndependent
_v11/7/90 p6
520 _aThe Commons Committee investigating the breach of the Welsh sea defences in February, has recommended that the NRA be responsible for warning those concerned of forecast tidal surges.
650 _aCOAST
650 _aFLOODING
650 _aWALES
690 _aWATER
942 _n0
948 _c04/03/1997
999 _c6091
_d6091